| 000 | 00518nam a2200145 4500 | ||
|---|---|---|---|
| 999 |
_c11455 _d11455 |
||
| 008 | 181204b ||||| |||| 00| 0 eng d | ||
| 022 | _aDPer 050 T48 Apr-June 2016 v. 187, n. 12-24 | ||
| 082 | _aDPer 050 T48 Apr-June 2016 | ||
| 100 |
_932842 _aGates. Bill. |
||
| 245 |
_aPriscilla Chan and Mark Zuckerberg: _bthe future of giving/ _cBill and Melinda Gates. |
||
| 260 |
_aHong Kong; _bTime Asia, _c©2016. |
||
| 300 |
_av187 n16-17, page 34: _billustrations; _c27 cm. |
||
| 650 | 0 |
_932843 _aCelebrities. |
|
| 942 |
_2ddc _cPER |
||